Les 50 Plus Grosses Ventes De Manchester City - Statistiques

Statistiques générales
  • Ce quiz a été pris 189 fois
    3 depuis la dernière actualisation
  • Le résultat moyen est 34 sur 50
Statistiques - réponses
Joueur Club Acheteur Saison Nationalité Poste Prix Du Transfert Ordre % Correct
AymericLaporte Al Nassr 23/24 Espagne D 27 500 000 € 14
100%
ColePalmer Chelsea 23/24 Angleterre M 47 000 000 € 6
100%
Danilo Juventus 19/20 Brésil D 37 000 000 € 7
100%
Ederson Fenerbahce 25/26 Brésil G 11 000 000 € 38
100%
FerranTorres Barcelone 21/22 Espagne A 55 000 000 € 3
100%
GabrielJesus Arsenal 22/23 Brésil A 52 200 000 € 4
100%
JasonDenayer Lyon 18/19 Belgique D 10 000 000 € 40
100%
JoaoCancelo Al Hilal 24/25 Portugal D 25 000 000 € 17
100%
JulianAlvarez AtleticoMadrid 24/25 Argentine A 75 000 000 € 1
100%
LeroySané Bayern Munich 20/21 Allemagne A 49 000 000 € 5
100%
OleksandrZinchenko Arsenal 22/23 Ukraine D 35 000 000 € 8
100%
OscarBobb Fulham 25/26 Norvège A 31 200 000 € 11
100%
RaheemSterling Chelsea 22/23 Angleterre A 56 200 000 € 2
100%
RiyadMahrez Al Ahli 23/24 Algérie A 35 000 000 € 9
100%
YanCouto Borussia Dortmund 25/26 Brésil D/M 25 000 000 € 16
100%
AaronMooy Huddersfield 17/18 Australie M 9 100 000 € 44
67%
ÁlvaroNegredo Valence 15/16 Espagne A 28 000 000 € 12
67%
Angelino RB Leipzig 21/22 Espagne D 18 000 000 € 21
67%
BrahimDíaz Real Madrid 18/19 Espagne M 17 000 000 € 23
67%
CarlosTévez Juventus 13/14 Argentine A 9 000 000 € 45
67%
DouglasLuiz Aston Villa 19/20 Brésil M 16 800 000 € 25
67%
EdinDzeko Rome 16/17 Bosnie A 11 000 000 € 39
67%
FabianDelph Everton 19/20 Angleterre M 9 500 000 € 42
67%
JamesMcAtee Nottingham Forrest 25/26 Angleterre M 25 500 000 € 15
67%
JamesTrafford Burnley 23/24 Angleterre G 17 300 000 € 22
67%
JaviGarcía Zenith 14/15 Espagne M 16 800 000 € 24
67%
JéromeBoateng Bayern Munich 11/12 Allemagne D 13 500 000 € 30
67%
KelechiIheanacho Leicester City 17/18 Nigéria A 27 700 000 € 13
67%
MarioBalotelli MIlan 12/13 Italie A 20 000 000 € 20
67%
MatijaNastasic Schalke 04 15/16 Serbie D 9 500 000 € 43
67%
NicolasOtamendi Sl Benfica 20/21 Argentine D 15 000 000 € 27
67%
PedroPorro Sporting 22/23 Espagne D 8 770 000 € 47
67%
Robinho Milan 10/11 Brésil A 21 000 000 € 19
67%
Rony Lopes Monaco 15/16 Portugal A 12 000 000 € 36
67%
SergioGomez Real Sociedad 24/25 Espagne D 8 700 000 € 48
67%
Stephen Ireland Aston Villa 10/11 Irlande M 9 700 000 € 41
67%
Stevan Jovetic Inter Milan 15/16 Monténégro A 16 000 000 € 26
67%
TaylorHarwood - Bellis Southampton 24/25 Angleterre D 23 000 000 € 18
67%
Vedran Corluka Tottenham Hotspur 08/09 Croatie D 13 750 000 € 29
67%
WilfriedBony Swansea City 17/18 Cote D'ivoire A 13 000 000 € 31
67%
Adam Johnson Sunderland 12/13 Angleterre A 12 600 000 € 34
33%
EnesUnal Villarreal 17/18 Turquie A 14 000 000 € 28
33%
JackHarrison Leeds United 21/22 Angleterre A 12 800 000 € 33
33%
JackRodwell Sunderland 14/15 Angleterre M 12 500 000 € 35
33%
MaximoPerrone Como 25/26 Argentine M 13 000 000 € 32
33%
ShaunWright - Phillips Chelsea 05/06 Angleterre A 31 500 000 € 10
33%
AngusGunn Southampton 18/19 Écosse G 11 300 000 € 37
0%
GiorgiKinkladze Ajax Amsterdam 98/99 Géorgie M 8 000 000 € 50
0%
JoeyBarton Newcastle United 07/08 Angleterre M 8 600 000 € 49
0%
PabloMaffeo Stuttgart 18/19 Espagne D 9 000 000 € 46
0%
Aucun quiz correspondant
Distribution des résultats
% des personnes avec chaque résultat
Percentile par nombre de réponses
Votre historique - résultats
Vous n’avez pas pris ce quiz depuis la dernière actualisation